| 000 | 02010nam a22002057a 4500 | ||
|---|---|---|---|
| 005 | 20250702103512.0 | ||
| 006 | a|||||r|||| 00| 0 | ||
| 008 | 250702b |||||||f |||| 00| 0 eng d | ||
| 020 | _a9789603491286 | ||
| 040 |
_bgre _aGR-AtMCL _dGR-AtMCL _eAACR2 |
||
| 110 | 2 |
_4070 _aΈνωση Δραματοθεραπευτών & Παιγνιοθεραπευτών Ελλάδας (EΔΠΕ) |
|
| 245 | 0 | 0 |
_aΔραματοθεραπεία και εφαρμογές : _b14 κείμενα για τη δραματοθεραπευτική διεργασία / _cεπιμέλεια όλων των κειμένων Αντιγόνη Γραμμένου, Δώρα Δεδέσκη, Κωνσταντίνα Εικοσιπεντάρχου ; σχέδια Πολύβιος Σκουρλέτης |
| 260 |
_aΑθήνα : _bΘυμάρι, _c2010 |
||
| 300 |
_a168,[1] σ. : _bεικ. ; _c14 x 21 |
||
| 520 | _aΗ Δραματοθεραπεία σήμερα ορίζεται, ως ολοκληρωμένη θεραπευτική προσέγγιση που αφορά στην κατανόηση, ερμηνεία και φροντίδα των ψυχολογικών θεμάτων της ανθρώπινης ύπαρξης μέσα από το πρίσμα της Δραματικής Τέχνης. Είναι λοιπόν, μια ψυχοθεραπευτική μέθοδος αλλά και μια μέθοδος θεραπείας μέσω Τέχνης. Τα 14 κείμενα που παρουσιάζονται σ' αυτό το βιβλίο, αφορούν εφαρμογές της Δραματοθεραπευτικής προσέγγισης. Στηρίζονται δε, σε ποικίλα μοντέλα που διερευνήθηκαν και εφαρμόστηκαν ανάλογα με τις ανάγκες και ιδιαιτερότητες των πληθυσμών και των πλαισίων. | ||
| 650 | 0 |
_aΔραματοθεραπεία _99848 |
|
| 942 | _cBK | ||
| 999 |
_c9801 _d9801 |
||